[Event "Taastrup Quick Weekend 23th"]
[Site "Taastrup"]
[Date "2016.05.20"]
[Round "1"]
[White "Sode, Casper"]
[Black "Falkenberg, Jonas"]
[Result "1-0"]
[WhiteElo "1049"]
[BlackElo "1372"]
[PlyCount "88"]
[EventDate "2016.05.20"]
[EventType "tourn"]
[EventRounds "5"]
[EventCountry "DEN"]
[SourceTitle "EXT 2024"]
[Source "ChessBase"]
[SourceDate "2023.10.10"]
[SourceVersion "1"]
[SourceVersionDate "2023.10.10"]
[SourceQuality "1"]

1. e4 c5 2. Nc3 Nc6 3. Bc4 e6 4. Nf3 Be7 5. d4 b6 6. d5 Na5 7. Qd3 Nxc4 8. Qxc4 d6 9. b3 e5 10. Nb5 Ba6 11. Nc7+ Qxc7 12. Qxa6 Nf6 13. Qc4 0-0 14. 0-0 Qc8 15. Bg5 Qg4 16. Bxf6 Bxf6 17. h3 Qd7 18. a4 Qc7 19. Qc3 Rfe8 20. a5 Rac8 21. axb6 axb6 22. Qc4 Qb7 23. Ra3 b5 24. Qd3 Rb8 25. Rfa1 Be7 26. Ra7 Qb6 27. R1a6 Qd8 28. Ra5 Qb6 29. R7a6 Qb7 30. Qc3 f6 31. Nh4 Ra8 32. Rxa8 Rxa8 33. Nf5 Kf8 34. Qa1 Rxa5 35. Qxa5 b4 36. g4 g6 37. Nxd6 Qd7 38. Nc4 h5 39. f3 h4 40. Nb6 Qc7 41. Qa8+ Kf7 42. Nc4 Qd7 43. Qh8 Qd8 44. Qxh4 Qg8 1-0